[Event "Europa tch 2011 femenino"]
[Site "Porto Carras"]
[Date "2011.11.05"]
[Round "3.7"]
[White "Madl, Ildiko"]
[Black "Botsari, Anna-Maria"]
[Result "1/2-1/2"]
[WhiteElo "2399"]
[BlackElo "2313"]
[PlyCount "76"]
[EventDate "2011.11.03"]
[EventType "team"]
[EventRounds "9"]
[EventCountry "GRE"]
[Source "lmi"]
[SourceDate "2011.11.03"]

1. e4 c5 2. Nf3 e6 3. d4 cxd4 4. Nxd4 Nc6 5. Nc3 Qc7 6. g3 a6 7. Bg2 d6 8. O-O
Nxd4 9. Qxd4 Bd7 10. a4 Ne7 11. Re1 Nc6 12. Qc4 Rc8 13. Be3 Ne5 14. Qxc7 Rxc7
15. Bd4 Rc4 16. Red1 Nc6 17. Be3 Nb4 18. Rd2 Be7 19. Bf1 Rc8 20. a5 g5 21. h3
h6 22. Bd4 O-O 23. Bb6 Bc6 24. Bg2 f5 25. exf5 Bxg2 26. Kxg2 Rxf5 27. Re1 Kf7
28. Rde2 e5 29. Rd1 Ke6 30. Red2 Rc4 31. g4 Rf8 32. Be3 Rfc8 33. Bb6 R8c6 34.
Kh2 Bf6 35. Kg2 e4 36. Bd4 Bxd4 37. Rxd4 Ke5 38. R4d2 R4c5 1/2-1/2

[Event "Europa tch 2011 femenino"]
[Site "Porto Carras"]
[Date "2011.11.05"]
[Round "3.8"]
[White "Djingarova, Emilia"]
[Black "Vasiliev, Olga"]
[Result "1-0"]
[WhiteElo "2309"]
[BlackElo "2305"]
[PlyCount "85"]
[EventDate "2011.11.03"]
[EventType "team"]
[EventRounds "9"]
[EventCountry "GRE"]
[Source "lmi"]
[SourceDate "2011.11.03"]

1. Nf3 Nf6 2. c4 g6 3. g3 Bg7 4. Bg2 O-O 5. O-O d6 6. d4 c6 7. Nc3 Bf5 8. Re1
Ne4 9. Nxe4 Bxe4 10. Bg5 h6 11. Be3 Nd7 12. Qd2 h5 13. Bh6 Qb6 14. Bxg7 Kxg7
15. Nh4 Bxg2 16. Kxg2 Nf6 17. e4 Rad8 18. Re2 e6 19. Rae1 a5 20. b3 Qb4 21. Qc1
a4 22. d5 Nh7 23. f4 cxd5 24. Qb2+ Nf6 25. cxd5 a3 26. Qa1 Rfe8 27. dxe6 fxe6
28. Qb1 e5 29. f5 g5 30. Qc1 Nh7 31. Qc7+ Kg8 32. Ng6 Nf6 33. Ne7+ Kh8 34. Ng6+
Kg8 35. Ne7+ Kh8 36. Nd5 Nxd5 37. exd5 h4 38. Qf7 Rg8 39. Qh5+ Kg7 40. f6+ Kf8
41. Qh6+ Kf7 42. Qh7+ Kxf6 43. Rf1+ 1-0

[Event "Europa tch 2011 femenino"]
[Site "Porto Carras"]
[Date "2011.11.05"]
[Round "3.8"]
[White "Efroimski, Marsel"]
[Black "Voiska, Margarita"]
[Result "1/2-1/2"]
[WhiteElo "2230"]
[BlackElo "2328"]
[PlyCount "109"]
[EventDate "2011.11.03"]
[EventType "team"]
[EventRounds "9"]
[EventCountry "GRE"]
[Source "lmi"]
[SourceDate "2011.11.03"]

1. e4 d5 2. exd5 Qxd5 3. Nc3 Qd6 4. d4 Nf6 5. Nf3 g6 6. Ne5 Bg7 7. Bc4 O-O 8.
O-O Nc6 9. Nxc6 Qxc6 10. Qe2 a6 11. a4 Qd6 12. Qe5 Ne8 13. Qxd6 Nxd6 14. Bb3 e6
15. Ne2 b6 16. Bf4 Bb7 17. Rad1 Rfd8 18. c3 Rd7 19. Nc1 Bd5 20. Bc2 Nf5 21. Nd3
a5 22. Ne5 Re7 23. Rfe1 f6 24. Ng4 Kf7 25. Ne3 Nxe3 26. fxe3 Rd8 27. e4 Bc4 28.
b3 Ba6 29. e5 Red7 30. exf6 Bxf6 31. Be5 Bxe5 32. Rxe5 Rd5 33. Rde1 Rxe5 34.
Rxe5 Kf6 35. g4 h6 36. h4 g5 37. hxg5+ hxg5 38. Re3 c5 39. dxc5 bxc5 40. Rf3+
Ke5 41. Re3+ Kf4 42. Rxe6 Bb7 43. Kf2 Rd2+ 44. Re2 Rxe2+ 45. Kxe2 Kxg4 46. Ke3
Kh4 47. Bf5 Bd5 48. b4 cxb4 49. cxb4 axb4 50. Kd4 Bc6 51. a5 b3 52. Kc3 Bd5 53.
a6 g4 54. Bxg4 Kxg4 55. a7 1/2-1/2

[Event "Europa tch 2011 femenino"]
[Site "Porto Carras"]
[Date "2011.11.05"]
[Round "3.8"]
[White "Videnova, Iva"]
[Black "Porat, Maya"]
[Result "1-0"]
[WhiteElo "2297"]
[BlackElo "2299"]
[PlyCount "67"]
[EventDate "2011.11.03"]
[EventType "team"]
[EventRounds "9"]
[EventCountry "GRE"]
[Source "lmi"]
[SourceDate "2011.11.03"]

1. e4 c5 2. Nf3 e6 3. d4 cxd4 4. Nxd4 Nf6 5. Nc3 Nc6 6. Nxc6 bxc6 7. e5 Nd5 8.
Ne4 Qc7 9. f4 Qb6 10. c4 Bb4+ 11. Ke2 f5 12. Ng3 Ba6 13. Kf3 Ne7 14. a3 Ng6 15.
axb4 Nh4+ 16. Ke2 Bxc4+ 17. Ke1 Bxf1 18. Kxf1 Qxb4 19. Qd2 Qc5 20. Ne2 O-O 21.
Qd4 Qc2 22. Ra3 Rfb8 23. g3 Ng6 24. Rc3 Qb1 25. Kg2 Ne7 26. Qd3 Qa2 27. Ra3
Qd5+ 28. Qxd5 Nxd5 29. Nc3 Nb6 30. b3 Kf7 31. Be3 a5 32. Rha1 Nc8 33. Bc5 Ne7
34. b4 1-0

[Event "Europa tch 2011 femenino"]
[Site "Porto Carras"]
[Date "2011.11.05"]
[Round "3.9"]
[White "Blagojevic, Tijana"]
[Black "Collas, Silvia"]
[Result "0-1"]
[WhiteElo "1925"]
[BlackElo "2287"]
[PlyCount "132"]
[EventDate "2011.11.03"]
[EventType "team"]
[EventRounds "9"]
[EventCountry "GRE"]
[Source "lmi"]
[SourceDate "2011.11.03"]

1. e4 c5 2. Nf3 Nc6 3. Bb5 Nf6 4. d3 Qa5+ 5. Nc3 Nd4 6. Bc4 d5 7. exd5 b5 8.
Bb3 Bb7 9. Bd2 Nxb3 10. axb3 Qb6 11. Ne4 Bxd5 12. Qe2 e6 13. O-O Be7 14. Nc3
Bb7 15. d4 a6 16. dxc5 Bxc5 17. Bg5 Qc6 18. Rad1 Be7 19. Qe5 O-O 20. Qg3 Rfd8
21. Ne5 Qe8 22. Bh6 g6 23. Qe3 b4 24. Ne2 Nd5 25. Qg3 f6 26. Nf3 e5 27. h4 Bd6
28. Nd2 e4 29. Qg4 Qe5 30. f4 exf3 31. Nxf3 Qxe2 32. Rfe1 Bc5+ 33. Kh1 Bc8 34.
Qc4 Qxc4 35. bxc4 Bf5 36. cxd5 Bxc2 37. Rc1 b3 38. Re6 Rxd5 39. Rxf6 a5 40. Ng5
Rd4 41. g3 Rd1+ 42. Rxd1 Bxd1 43. Rf7 Ra7 44. Rf6 Be7 45. Rf7 Bc5 46. Rf6 Bg4
47. Rc6 Be7 48. Rb6 Bxg5 49. hxg5 a4 50. Rf6 Ra8 51. Kg2 Bf5 52. Rb6 Rd8 53.
Kf3 Kf7 54. Ra6 Rd3+ 55. Kf4 Rd2 56. Rf6+ Ke8 57. Rf8+ Ke7 58. Ra8 Rxb2 59.
Rxa4 Rh2 60. Bg7 b2 61. Ra7+ Ke6 62. Bxb2 Rxb2 63. Rxh7 Rb4+ 64. Kf3 Be4+ 65.
Kf4 Bb1+ 66. Kf3 Kf5 0-1

[Event "Europa tch 2011 femenino"]
[Site "Porto Carras"]
[Date "2011.11.05"]
[Round "3.9"]
[White "Guichard, Pauline"]
[Black "Stojanovic, Marija R"]
[Result "1-0"]
[WhiteElo "2305"]
[BlackElo "2095"]
[PlyCount "69"]
[EventDate "2011.11.03"]
[EventType "team"]
[EventRounds "9"]
[EventCountry "GRE"]
[Source "lmi"]
[SourceDate "2011.11.03"]

1. d4 Nf6 2. c4 g6 3. Nc3 Bg7 4. e4 d6 5. Be2 O-O 6. Nf3 e5 7. O-O Nbd7 8. Be3
Re8 9. d5 Nh5 10. Re1 Nf4 11. Bf1 Nf8 12. Qd2 Nh5 13. b4 f5 14. Bg5 Bf6 15. c5
f4 16. Bxf6 Qxf6 17. Nb5 Re7 18. Rac1 g5 19. h3 g4 20. hxg4 Bxg4 21. Nh2 Rg7
22. Rc3 f3 23. Nxg4 Rxg4 24. Qd1 Qg5 25. Qxf3 Rf4 26. Qh3 Rh4 27. Qf5 Qxf5 28.
exf5 Rxb4 29. Nxc7 Rd8 30. Ne6 Rc8 31. Rh3 Nf6 32. Rg3+ Kh8 33. cxd6 Nxd5 34.
Rxe5 Nf6 35. Ng5 1-0

[Event "Europa tch 2011 femenino"]
[Site "Porto Carras"]
[Date "2011.11.05"]
[Round "3.9"]
[White "Milliet, Sophie"]
[Black "Vojinovic, Jovana"]
[Result "0-1"]
[WhiteElo "2386"]
[BlackElo "2346"]
[PlyCount "100"]
[EventDate "2011.11.03"]
[EventType "team"]
[EventRounds "9"]
[EventCountry "GRE"]
[Source "lmi"]
[SourceDate "2011.11.03"]

1. e4 c5 2. Nf3 d6 3. d4 cxd4 4. Nxd4 Nf6 5. Nc3 Nc6 6. Bg5 e6 7. Qd2 Qb6 8.
Nb3 Be7 9. Bxf6 gxf6 10. a4 a6 11. a5 Qc7 12. Na4 Bd7 13. Nb6 Rd8 14. Be2 h5
15. O-O Kf8 16. Qc3 Rh6 17. f4 f5 18. exf5 Bf6 19. Qd2 Bxb2 20. Rad1 exf5 21.
Nd5 Qb8 22. Rf3 h4 23. Rd3 Bg7 24. Nb6 Be6 25. c4 Kg8 26. Rxd6 Rxd6 27. Qxd6
Qxd6 28. Rxd6 Bc3 29. Na4 Bb4 30. Nac5 Kg7 31. Rd1 Nxa5 32. Nd3 Bxc4 33. Nxa5
Bxa5 34. Rc1 b5 35. Kf1 Bxd3 36. Bxd3 Bd2 37. Ra1 Bxf4 38. Ke2 Re6+ 39. Kf3
Bxh2 40. Bxf5 Rd6 41. Bc8 b4 42. Rxa6 Rxa6 43. Bxa6 f5 44. Bd3 Kf6 45. Bc2 Ke5
46. Ke3 Bg3 47. Bd1 Bh2 48. Bc2 Bg3 49. Kf3 f4 50. Ke2 Kd4 0-1

[Event "Europa tch 2011 femenino"]
[Site "Porto Carras"]
[Date "2011.11.05"]
[Round "3.9"]
[White "Milovic, Aleksandra"]
[Black "Maisuradze, Nino"]
[Result "1/2-1/2"]
[WhiteElo "2171"]
[BlackElo "2315"]
[PlyCount "120"]
[EventDate "2011.11.03"]
[EventType "team"]
[EventRounds "9"]
[EventCountry "GRE"]
[Source "lmi"]
[SourceDate "2011.11.03"]

1. e4 c5 2. Nf3 Nc6 3. d4 cxd4 4. Nxd4 g6 5. c4 Bg7 6. Be3 Nf6 7. Nc3 d6 8. Be2
O-O 9. O-O Bd7 10. Qd2 Nxd4 11. Bxd4 Bc6 12. f3 a5 13. Rad1 Nd7 14. Be3 Nc5 15.
Nd5 e6 16. Nf4 Be5 17. Nd3 Nxd3 18. Bxd3 d5 19. exd5 exd5 20. Qf2 Qf6 21. cxd5
Bxd5 22. Bxg6 Bxa2 23. Bd3 Rfe8 24. Rd2 Rad8 25. f4 Bc7 26. Qg3+ Qg7 27. Qh3
Rd6 28. Rf3 Rh6 29. Qd7 Rxe3 30. Qxc7 Rxf3 31. Be4 Qf6 32. Bxf3 Qb6+ 33. Qxb6
Rxb6 34. b4 Be6 35. bxa5 Rb4 36. Rd8+ Kg7 37. Rb8 Ra4 38. Ra8 Rb4 39. Rb8 Rb5
40. Rxb7 Rxa5 41. Kf2 Bd5 42. Bxd5 Rxd5 43. g4 Rd3 44. Re7 Rh3 45. Kg2 Rb3 46.
Re2 h5 47. gxh5 Kh6 48. Re5 Ra3 49. Rf5 Kg7 50. h6+ Kg6 51. h7 Ra8 52. Rg5+
Kxh7 53. Kg3 f6 54. Rb5 Kg6 55. Kg4 Ra1 56. f5+ Kh6 57. Rb4 Rg1+ 58. Kh4 Rf1
59. Kg4 Rg1+ 60. Kh4 Rf1 1/2-1/2

[Event "Europa tch 2011 femenino"]
[Site "Porto Carras"]
[Date "2011.11.05"]
[Round "3.10"]
[White "Hernandez Estevez, Yudania"]
[Black "Umudova, Nargiz"]
[Result "1-0"]
[WhiteElo "2284"]
[BlackElo "2210"]
[PlyCount "115"]
[EventDate "2011.11.03"]
[EventType "team"]
[EventRounds "9"]
[EventCountry "GRE"]
[Source "lmi"]
[SourceDate "2011.11.03"]

1. e4 c5 2. Nf3 Nc6 3. Nc3 Nf6 4. Bb5 Qc7 5. O-O Nd4 6. Re1 a6 7. Bf1 d6 8.
Nxd4 cxd4 9. Ne2 Nxe4 10. Nxd4 Nf6 11. Nf3 e6 12. d4 Be7 13. c4 O-O 14. Bf4 b6
15. Rc1 Nh5 16. Bd2 Bb7 17. d5 exd5 18. Nd4 Nf6 19. Nf5 Rae8 20. Bc3 Bd8 21.
Qd2 Rxe1 22. Rxe1 Ne4 23. Rxe4 dxe4 24. Bxg7 Re8 25. Qd4 Re6 26. Nh6+ Rxh6 27.
Bxh6 f6 28. Qe3 Qe7 29. b4 d5 30. a3 Bc7 31. Qh3 d4 32. c5 b5 33. Qg4+ Kh8 34.
Be2 Qf7 35. Bd1 Qg6 36. Qh3 f5 37. Qh4 Bd5 38. Bf4 e3 39. g3 exf2+ 40. Kxf2
Bxf4 41. Qxf4 Be4 42. Qe5+ Qg7 43. Qd6 h6 44. c6 d3 45. Qd8+ Kh7 46. Qd7 d2 47.
Ke3 Kh8 48. Qxg7+ Kxg7 49. c7 Bb7 50. Kxd2 Kf7 51. g4 Bc8 52. h3 f4 53. Kd3 Ke8
54. g5 Bxh3 55. gxh6 Bf5+ 56. Kc3 Kf7 57. Kd4 Kg6 58. Bc2 1-0

[Event "Europa tch 2011 femenino"]
[Site "Porto Carras"]
[Date "2011.11.05"]
[Round "3.10"]
[White "Mamedjarova, Turkan"]
[Black "Calzetta Ruiz, Monica"]
[Result "0-1"]
[WhiteElo "2277"]
[BlackElo "2301"]
[PlyCount "88"]
[EventDate "2011.11.03"]
[EventType "team"]
[EventRounds "9"]
[EventCountry "GRE"]
[Source "lmi"]
[SourceDate "2011.11.03"]

1. e4 c5 2. c3 d5 3. exd5 Qxd5 4. d4 g6 5. Nf3 Bg7 6. Be2 cxd4 7. cxd4 Nh6 8.
Nc3 Qa5 9. O-O O-O 10. Qb3 Nf5 11. d5 Nd7 12. Bf4 Nd6 13. Rfc1 Nc5 14. Qd1 Bd7
15. Qd2 Rac8 16. Ne5 Bf5 17. Nc4 Nxc4 18. Bxc4 b5 19. Bxb5 Bxc3 20. Qxc3 Qxb5
21. Bh6 f6 22. Bxf8 Kxf8 23. Qe3 Qxb2 24. d6 exd6 25. Re1 Nd3 26. Rf1 Qb6 27.
Qf3 Ne5 28. Qf4 Rc4 29. Qd2 Kg7 30. Rfe1 Bd3 31. Rac1 d5 32. h3 Be4 33. Rxc4
Nxc4 34. Qf4 g5 35. Qg4 Ne5 36. Qc8 Nd3 37. Qd7+ Kh6 38. Rf1 Nf4 39. Qe8 Qe6
40. Qf8+ Kg6 41. f3 Bd3 42. Ra1 Qe2 43. Qg8+ Kh5 44. Qf7+ Kh4 0-1

[Event "Europa tch 2011 femenino"]
[Site "Porto Carras"]
[Date "2011.11.05"]
[Round "3.10"]
[White "Mamedjarova, Zeinab"]
[Black "Alexandrova, Olga"]
[Result "0-1"]
[WhiteElo "2314"]
[BlackElo "2423"]
[PlyCount "140"]
[EventDate "2011.11.03"]
[EventType "team"]
[EventRounds "9"]
[EventCountry "GRE"]
[Source "lmi"]
[SourceDate "2011.11.03"]

1. d4 e6 2. c4 Nf6 3. Nf3 b6 4. g3 Ba6 5. Nbd2 Bb4 6. Qc2 c5 7. Bg2 Nc6 8. dxc5
Bxc5 9. O-O O-O 10. a3 Be7 11. b4 Bb7 12. Bb2 h6 13. Nb3 Rc8 14. Rac1 d6 15.
Rfd1 Qc7 16. Qb1 Rfd8 17. Qa1 Ne8 18. Ne1 Bf6 19. Nd3 Bxb2 20. Qxb2 Nf6 21. Nd4
Nxd4 22. Qxd4 Bxg2 23. Kxg2 Qc6+ 24. Kg1 Qa4 25. Rd2 d5 26. c5 Ne4 27. Rdc2
bxc5 28. Nxc5 Rxc5 29. Rxc5 Nxc5 30. Rxc5 Qxa3 31. Ra5 Qc1+ 32. Kg2 Qc2 33. e3
Rd7 34. Rxa7 Rxa7 35. Qxa7 Qe4+ 36. Kg1 Qxb4 37. Qa8+ Kh7 38. Qe8 Kg6 39. Qd7
Qb1+ 40. Kg2 Qe4+ 41. Kg1 Qf3 42. Qd6 Qe4 43. Qc6 Kg5 44. Qc7 Kg6 45. Qc6 Kh7
46. Qc7 Qf3 47. Qd6 Qe4 48. Qc7 f6 49. Qe7 e5 50. Qb7 Qd3 51. h4 d4 52. exd4
exd4 53. Qd5 f5 54. h5 Qb1+ 55. Kh2 Qe4 56. Qd6 d3 57. Qd7 Qf3 58. Kg1 Qxh5 59.
Qxd3 Qg4 60. Qd6 h5 61. Qe7 f4 62. Qe4+ Kh6 63. Qc6+ g6 64. Qd6 Qf5 65. gxf4 h4
66. Kh2 Kh5 67. Qe5 Qxe5 68. fxe5 g5 69. Kg2 Kg6 70. f4 gxf4 0-1

[Event "Europa tch 2011 femenino"]
[Site "Porto Carras"]
[Date "2011.11.05"]
[Round "3.10"]
[White "Vega Gutierrez, Sabrina"]
[Black "Kazimova, Narmin"]
[Result "1-0"]
[WhiteElo "2327"]
[BlackElo "2241"]
[PlyCount "155"]
[EventDate "2011.11.03"]
[EventType "team"]
[EventRounds "9"]
[EventCountry "GRE"]
[Source "lmi"]
[SourceDate "2011.11.03"]

1. d4 Nf6 2. c4 e6 3. Nc3 Bb4 4. e3 O-O 5. Nge2 d5 6. a3 Be7 7. Qc2 c6 8. b3
Nbd7 9. Bd2 b6 10. Ng3 Bb7 11. Be2 Rc8 12. Rd1 Qc7 13. O-O c5 14. cxd5 cxd4 15.
dxe6 dxc3 16. exd7 Nxd7 17. Qxc3 Qxc3 18. Bxc3 Nb8 19. Nf5 Rxc3 20. Nxe7+ Kh8
21. Bc4 g6 22. Nd5 Bxd5 23. Bxd5 Kg7 24. Rc1 Rfc8 25. Rxc3 Rxc3 26. g3 Na6 27.
Rb1 Nc7 28. Bc4 b5 29. Bf1 Kf6 30. Kg2 Ke5 31. Kf3 Ne6 32. Ke2 Nc5 33. Kd2 Ne4+
34. Ke1 a6 35. a4 Rc7 36. axb5 axb5 37. f3 Nc3 38. Ra1 b4 39. Ra5+ Kd6 40. e4
Rd7 41. Bb5 Re7 42. Kd2 Rb7 43. Bc4 Ke7 44. Ke3 Rd7 45. h4 h6 46. Ra6 g5 47.
Rxh6 Nd1+ 48. Ke2 Nc3+ 49. Ke1 g4 50. fxg4 Rd1+ 51. Kf2 Nxe4+ 52. Ke3 Nd6 53.
Rh8 Nxc4+ 54. bxc4 Re1+ 55. Kd4 Rg1 56. Kc5 b3 57. Rb8 Rxg3 58. g5 Rh3 59. Kd5
Rxh4 60. Rb7+ Kd8 61. c5 Rg4 62. Kc6 Rxg5 63. Rb8+ Ke7 64. Rxb3 Kd8 65. Rb8+
Ke7 66. Kb6 Rg1 67. c6 Rb1+ 68. Kc7 Rc1 69. Kb7 f5 70. c7 Ke6 71. c8=Q+ Rxc8
72. Rxc8 f4 73. Kc6 Ke5 74. Kc5 Ke4 75. Kc4 Ke3 76. Re8+ Kd2 77. Rf8 Ke3 78.
Kc3 1-0

[Event "Europa tch 2011 femenino"]
[Site "Porto Carras"]
[Date "2011.11.05"]
[Round "3.11"]
[White "Muzychuk, Anna"]
[Black "Daulyte, Deimante"]
[Result "1-0"]
[WhiteElo "2557"]
[BlackElo "2238"]
[PlyCount "95"]
[EventDate "2011.11.03"]
[EventType "team"]
[EventRounds "9"]
[EventCountry "GRE"]
[Source "lmi"]
[SourceDate "2011.11.03"]

1. e4 e5 2. Nf3 Nc6 3. Bb5 a6 4. Ba4 Nf6 5. O-O Be7 6. Re1 b5 7. Bb3 d6 8. c3
O-O 9. d4 Bg4 10. Be3 exd4 11. cxd4 d5 12. e5 Ne4 13. h3 Bh5 14. Nc3 Nxc3 15.
bxc3 Na5 16. Bc2 Nc4 17. g4 Bg6 18. Bf5 a5 19. Qd3 b4 20. Re2 Ra6 21. Nd2 Rc6
22. Nxc4 Rxc4 23. cxb4 Bxb4 24. Rc2 Bxf5 25. Qxf5 Rxc2 26. Qxc2 f6 27. exf6
Qxf6 28. Qxc7 Qf3 29. Qe5 Rf6 30. Qb8+ Bf8 31. Qh2 Qe2 32. Qg2 Qc4 33. a4 Qb3
34. Qf1 Rb6 35. Qc1 h6 36. Qc8 Qb4 37. Qa8 Rd6 38. Qe8 Qb6 39. Rc1 Rd8 40. Qe5
Qb4 41. Rc7 Qb1+ 42. Kg2 Qg6 43. Rb7 Bb4 44. Bf4 Kh8 45. Qf5 Qxf5 46. gxf5 Rf8
47. Be5 Rxf5 48. Bxg7+ 1-0

[Event "Europa tch 2011 femenino"]
[Site "Porto Carras"]
[Date "2011.11.05"]
[Round "3.11"]
[White "Srebrnic, Ana"]
[Black "Batkovskyte, Dominyka"]
[Result "1-0"]
[WhiteElo "2219"]
[BlackElo "2102"]
[PlyCount "131"]
[EventDate "2011.11.03"]
[EventType "team"]
[EventRounds "9"]
[EventCountry "GRE"]
[Source "lmi"]
[SourceDate "2011.11.03"]

1. c4 c5 2. Nf3 Nc6 3. d4 cxd4 4. Nxd4 Qb6 5. Nb3 Nf6 6. Nc3 e6 7. a3 Be7 8. e4
d6 9. Be3 Qd8 10. Be2 O-O 11. O-O b6 12. Rc1 Bb7 13. f4 Rc8 14. Bf3 Ba6 15. Be2
Qc7 16. Nd2 Qb8 17. b4 Bb7 18. Nb3 Qa8 19. Bf3 Rfd8 20. Qe2 Bf8 21. Bf2 Qb8 22.
Bh4 Be7 23. e5 Ne8 24. Bg3 dxe5 25. fxe5 Nd4 26. Nxd4 Rxd4 27. Bxb7 Qxb7 28.
Qf2 Bxb4 29. axb4 Rdxc4 30. Na2 Rxc1 31. Nxc1 Qd7 32. Nb3 Nc7 33. Qd4 Qa4 34.
Qc3 Rf8 35. Qxc7 Qxb3 36. Qe7 a5 37. bxa5 bxa5 38. Bf2 f5 39. exf6 Rxf6 40.
Qd8+ Rf8 41. Qxa5 Qc4 42. Qe5 Rf5 43. Qb8+ Rf8 44. Qd6 Qe2 45. Qd4 Qh5 46. Qe4
Qf7 47. Qe3 h6 48. Qe2 Qg6 49. Re1 Re8 50. Bd4 Kh8 51. Qe5 Rd8 52. h3 Rd5 53.
Qe4 Qe8 54. Ba1 Qf7 55. Rc1 Qd7 56. Rf1 Kg8 57. Qb4 Kh7 58. Bc3 Qa7+ 59. Kh1
Qa6 60. Rf7 Rg5 61. Qe7 e5 62. Bxe5 Qg6 63. Rxg7+ Qxg7 64. Bxg7 Rxg7 65. Qe4+
Kg8 66. g4 1-0

[Event "Europa tch 2011 femenino"]
[Site "Porto Carras"]
[Date "2011.11.05"]
[Round "3.11"]
[White "Vanagaite, Giedre"]
[Black "Rozic, Vesna"]
[Result "0-1"]
[WhiteElo "1958"]
[BlackElo "2263"]
[PlyCount "98"]
[EventDate "2011.11.03"]
[EventType "team"]
[EventRounds "9"]
[EventCountry "GRE"]
[Source "lmi"]
[SourceDate "2011.11.03"]

1. d4 d5 2. Nf3 Nf6 3. c4 e6 4. Nc3 c6 5. e3 a6 6. c5 b6 7. cxb6 Qxb6 8. Bd3
Nbd7 9. O-O c5 10. Na4 Qa7 11. Nxc5 Nxc5 12. dxc5 Bxc5 13. Bd2 O-O 14. Bc3 Ne4
15. Bxe4 dxe4 16. Nd4 Qe7 17. b4 Bd6 18. a3 Bb7 19. Nb3 Rfd8 20. Qe2 Bd5 21.
Na5 Bxh2+ 22. Kxh2 Qc7+ 23. Kg1 Qxc3 24. Rfc1 Qe5 25. Nc4 Bxc4 26. Qxc4 h6 27.
Rab1 Qf5 28. Rd1 Rd3 29. Rxd3 exd3 30. Rd1 Rd8 31. e4 Qb5 32. Qxb5 axb5 33. Kf1
Rd4 34. f3 f5 35. exf5 exf5 36. Ke1 Kf7 37. Kd2 Kf6 38. Rc1 Ke5 39. g3 g5 40.
Re1+ Kf6 41. Rc1 h5 42. Rc8 h4 43. gxh4 gxh4 44. Rh8 Kg5 45. Rh7 Rd8 46. Rg7+
Kf4 47. Rh7 Kg3 48. f4 h3 49. Rh6 Rd4 0-1

[Event "Europa tch 2011 femenino"]
[Site "Porto Carras"]
[Date "2011.11.05"]
[Round "3.11"]
[White "Zaksaite, Salomeja"]
[Black "Krivec, Jana"]
[Result "1-0"]
[WhiteElo "2200"]
[BlackElo "2291"]
[PlyCount "65"]
[EventDate "2011.11.03"]
[EventType "team"]
[EventRounds "9"]
[EventCountry "GRE"]
[Source "lmi"]
[SourceDate "2011.11.03"]

1. e4 e5 2. Nf3 Nc6 3. Bb5 a6 4. Ba4 d6 5. c3 Bd7 6. d4 g6 7. Bg5 f6 8. Be3 Nh6
9. h3 Bg7 10. O-O Nf7 11. Nbd2 O-O 12. Re1 f5 13. dxe5 dxe5 14. Bc5 Re8 15. Qc2
Qf6 16. Rad1 Rad8 17. exf5 gxf5 18. Nf1 b6 19. Be3 f4 20. Bc1 b5 21. Bb3 Bf5
22. Qe2 Bg6 23. N1h2 h5 24. h4 Kh8 25. Bd5 e4 26. Ng5 f3 27. Nhxf3 Nh6 28. Nxe4
Bxe4 29. Bg5 Bxf3 30. Qxe8+ Rxe8 31. Rxe8+ Qf8 32. Rxf8+ Bxf8 33. Bxf3 1-0

[Event "Europa tch 2011 femenino"]
[Site "Porto Carras"]
[Date "2011.11.05"]
[Round "3.12"]
[White "Golubenko, Valentina"]
[Black "Moser, Eva"]
[Result "1-0"]
[WhiteElo "2293"]
[BlackElo "2448"]
[PlyCount "63"]
[EventDate "2011.11.03"]
[EventType "team"]
[EventRounds "9"]
[EventCountry "GRE"]
[Source "lmi"]
[SourceDate "2011.11.03"]

1. d4 c5 2. d5 d6 3. c4 g6 4. e4 Bg7 5. Bd3 e6 6. Nc3 Ne7 7. h3 a6 8. a4 Nd7 9.
Nf3 h6 10. dxe6 fxe6 11. e5 Nxe5 12. Nxe5 Bxe5 13. Qg4 Kd7 14. a5 Bxc3+ 15.
bxc3 Kc7 16. O-O g5 17. Be3 e5 18. Qe2 Bd7 19. Rfd1 Bc6 20. Bxc5 dxc5 21. Bc2
Qe8 22. Qxe5+ Kc8 23. Re1 Rf8 24. Qxc5 Qf7 25. Rxe7 Qf6 26. Rae1 Kb8 27. R7e6
Qf4 28. Rxc6 bxc6 29. Qb6+ Kc8 30. Qxc6+ Kd8 31. Rd1+ Ke7 32. Rd7+ 1-0

[Event "Europa tch 2011 femenino"]
[Site "Porto Carras"]
[Date "2011.11.05"]
[Round "3.12"]
[White "Kopinits, Anna-Christina"]
[Black "Franciskovic, Borka"]
[Result "1/2-1/2"]
[WhiteElo "2276"]
[BlackElo "2280"]
[PlyCount "111"]
[EventDate "2011.11.03"]
[EventType "team"]
[EventRounds "9"]
[EventCountry "GRE"]
[Source "lmi"]
[SourceDate "2011.11.03"]

1. e4 c6 2. d4 d5 3. exd5 cxd5 4. c4 Nf6 5. Nc3 g6 6. Qb3 Bg7 7. cxd5 O-O 8.
Be2 Na6 9. Bf3 Qb6 10. Qxb6 axb6 11. Nge2 Nb4 12. O-O Rd8 13. d6 Rxd6 14. Bf4
Rd7 15. Rfd1 Nfd5 16. Bg3 Nxc3 17. bxc3 Nc6 18. Nf4 Ra5 19. Nd3 Ra3 20. Rdc1
Rd8 21. Bc7 Re8 22. Bxb6 Nxd4 23. cxd4 Rxd3 24. Rc4 Bf6 25. a4 e5 26. Rac1 Be6
27. Rb4 Rc8 28. Re1 exd4 29. Bxb7 Rc4 30. Rxc4 Bxc4 31. a5 Rb3 32. Bc5 Be7 33.
Bxe7 Rxb7 34. Bf6 Rb8 35. Bxd4 Ra8 36. Bf6 h6 37. h4 h5 38. Rc1 Be6 39. Rc5 Kf8
40. Bc3 Ke7 41. Bb4 Kd7 42. Kh2 Rb8 43. Bc3 Rc8 44. Rxc8 Kxc8 45. a6 Bc4 46. a7
Kb7 47. Bd4 Bd5 48. f3 Bc4 49. Kg3 Bf1 50. Kf2 Bc4 51. Ke3 Bf1 52. g3 Bc4 53.
Kf4 f5 54. Kg5 Bd5 55. Kxg6 Bxf3 56. Kxf5 1/2-1/2

[Event "Europa tch 2011 femenino"]
[Site "Porto Carras"]
[Date "2011.11.05"]
[Round "3.12"]
[White "Medic, Mirjana"]
[Black "Newrkla, Katharina"]
[Result "1/2-1/2"]
[WhiteElo "2236"]
[BlackElo "2131"]
[PlyCount "120"]
[EventDate "2011.11.03"]
[EventType "team"]
[EventRounds "9"]
[EventCountry "GRE"]
[Source "lmi"]
[SourceDate "2011.11.03"]

1. d4 Nf6 2. c4 g6 3. Nf3 Bg7 4. g3 O-O 5. Bg2 d6 6. O-O Nc6 7. Nc3 a6 8. b3
Rb8 9. Nd5 Nh5 10. Bb2 e6 11. Ne3 Ne7 12. Qc2 b6 13. Rfd1 Bb7 14. Nf1 Nf6 15.
N1d2 c5 16. e4 cxd4 17. Bxd4 Nc6 18. Bc3 Qc7 19. Re1 Nd7 20. Rac1 Bxc3 21. Qxc3
Nc5 22. a3 Rbc8 23. b4 Nd7 24. Qe3 Nde5 25. Nh4 Ng4 26. Qc3 b5 27. h3 Nge5 28.
f4 Nxc4 29. Nxc4 bxc4 30. Qxc4 Qb6+ 31. Kh2 d5 32. Qc5 Qxc5 33. Rxc5 Ne7 34.
exd5 Rxc5 35. bxc5 Bxd5 36. Rc1 Nc6 37. Rd1 Rd8 38. g4 Kf8 39. Kg3 Ke7 40. Bf1
Rb8 41. Bxa6 Ra8 42. Bb5 Rxa3+ 43. Rd3 Ra5 44. Bxc6 Bxc6 45. Rc3 Kd7 46. g5 Ra4
47. Nf3 Bxf3 48. Kxf3 Kc6 49. Kg3 Ra5 50. Rd3 Rxc5 51. Rd8 Rf5 52. h4 f6 53.
gxf6 Rxf6 54. Kg4 Rf5 55. Kg3 Kc7 56. Ra8 Kd6 57. Ra7 h5 58. Rg7 Rf6 59. Ra7
Kd5 60. Ra5+ Kd6 1/2-1/2

[Event "Europa tch 2011 femenino"]
[Site "Porto Carras"]
[Date "2011.11.05"]
[Round "3.12"]
[White "Novkovic, Julia"]
[Black "Saric, Kristina"]
[Result "0-1"]
[WhiteElo "2089"]
[BlackElo "2255"]
[PlyCount "84"]
[EventDate "2011.11.03"]
[EventType "team"]
[EventRounds "9"]
[EventCountry "GRE"]
[Source "lmi"]
[SourceDate "2011.11.03"]

1. e4 c5 2. Nc3 Nc6 3. Nf3 Nf6 4. d4 cxd4 5. Nxd4 Qb6 6. Be3 Qxb2 7. Ndb5 Qb4
8. Nc7+ Kd8 9. Nxa8 Nxe4 10. Qb1 Qxc3+ 11. Kd1 Qa5 12. Qb3 e6 13. Bd3 Nc5 14.
Qb5 Qc3 15. Rb1 Bd6 16. Re1 b6 17. Bd2 Qa3 18. Nxb6 axb6 19. Qxb6+ Bc7 20. Qb2
Qxb2 21. Rxb2 Nxd3 22. cxd3 Ba6 23. Bc3 Bxd3 24. Bxg7 Rg8 25. Bf6+ Kc8 26. g3
e5 27. Re3 Bc4 28. Ra3 Rg6 29. Ra8+ Nb8 30. Be7 d5 31. Bc5 Ra6 32. Ba7 Kd7 33.
Raxb8 Rxa7 34. Rh8 Rxa2 35. Rxa2 Bxa2 36. Rxh7 d4 37. g4 Ke7 38. Rh3 Be6 39. f3
e4 40. Ke2 Bc4+ 41. Kd1 e3 42. Rh5 Bd6 0-1